[Event "Leiden op-A 10th"]
[Site "Leiden"]
[Date "2016.07.18"]
[Round "4"]
[White "Erwich, Frans"]
[Black "De Niet, Gert Michiel"]
[Result "0-1"]
[WhiteElo "1945"]
[BlackElo "2165"]
[PlyCount "68"]
[EventDate "2016.07.15"]
[EventType "swiss"]
[EventRounds "9"]
[EventCountry "NED"]
[SourceTitle "CBM 173 Extra"]
[Source "ChessBase"]
[SourceDate "2016.08.29"]
[SourceVersion "1"]
[SourceVersionDate "2016.08.29"]
[SourceQuality "1"]

1. d4 Nf6 2. c4 g6 3. f3 d5 4. cxd5 Nxd5 5. e4 Nb6 6. Nc3 Bg7 7. Be3 0-0 8. Qd2 Nc6 9. 0-0-0 f5 10. h4 fxe4 11. h5 gxh5 12. Rxh5 Bf5 13. Rxf5 Rxf5 14. fxe4 Rxf1 15. Rxf1 Nxd4 16. Bh6 e5 17. Bxg7 Kxg7 18. Qf2 Qe7 19. Nh3 h6 20. Kb1 Rf8 21. Qg3+ Kh7 22. Rh1 Rg8 23. Qe3 Rxg2 24. Nf4 exf4 25. Qxd4 c5 26. Qd3 Qg5 27. e5+ Qg6 28. Ne4 c4 29. Qf3 Nd5 30. Rxh6+ Kxh6 31. Qh3+ Kg7 32. Qd7+ Kf8 33. Qxd5 Qb6 34. Nd2 c3 0-1

[Event "Arber op 4th"]
[Site "Bayerisch Eisenstein"]
[Date "2015.08.06"]
[Round "6"]
[White "Erwich, Frans"]
[Black "Postlmayer, Jakob"]
[Result "0-1"]
[WhiteElo "1954"]
[BlackElo "1785"]
[PlyCount "57"]
[EventDate "2015.08.01"]
[EventType "swiss"]
[EventRounds "9"]
[EventCountry "GER"]
[SourceTitle "EXT 2016"]
[Source "ChessBase"]
[SourceDate "2015.10.08"]
[SourceVersion "1"]
[SourceVersionDate "2015.10.08"]
[SourceQuality "1"]

1. d4 Nf6 2. c4 g6 3. Nf3 Bg7 4. Nc3 d5 5. cxd5 Nxd5 6. e4 Nxc3 7. bxc3 c5 8. Be3 Nc6 9. Rb1 Qa5 10. Qd2 cxd4 11. cxd4 Qxd2+ 12. Kxd2 0-0 13. e5 Rd8 14. Bd3 b6 15. Rhc1 Bb7 16. Ke2 Rac8 17. Be4 Nxd4+ 18. Bxd4 Bxe4 19. Rxc8 Rxc8 20. Rb2 Rc2+ 21. Ke3 Rxb2 22. Bxb2 Bd5 23. a3 Kf8 24. Ne1 Ke8 25. Kd4 Bc6 26. g3 f6 27. f4 Kd7 28. Nd3 Bb5 29. Kd5 0-1

[Event "Arber op 4th"]
[Site "Bayerisch Eisenstein"]
[Date "2015.08.03"]
[Round "3"]
[White "Petran, Peter"]
[Black "Erwich, Frans"]
[Result "1-0"]
[WhiteElo "2362"]
[BlackElo "1954"]
[PlyCount "101"]
[EventDate "2015.08.01"]
[EventType "swiss"]
[EventRounds "9"]
[EventCountry "GER"]
[SourceTitle "EXT 2016"]
[Source "ChessBase"]
[SourceDate "2015.10.08"]
[SourceVersion "1"]
[SourceVersionDate "2015.10.08"]
[SourceQuality "1"]

1. g3 e5 2. c4 Nc6 3. Bg2 g6 4. Nc3 Bg7 5. e3 d6 6. Nge2 Be6 7. d3 Nge7 8. Nd5 Qd7 9. Nec3 Nd8 10. Nxe7 Qxe7 11. 0-0 0-0 12. f4 c6 13. e4 f5 14. fxe5 dxe5 15. exf5 gxf5 16. Qe2 Nf7 17. Be3 Qd7 18. Rad1 b6 19. b3 Rae8 20. Qd2 Rd8 21. Ne2 Qc8 22. Qc2 Bd7 23. d4 exd4 24. Bxd4 Ne5 25. Nf4 Be8 26. Bc3 Bg6 27. Qb2 Rfe8 28. Rfe1 Rxd1 29. Rxd1 Qc7 30. h3 Bf7 31. Qc2 Bg6 32. Kh1 Bf8 33. Qd2 a5 34. a4 Bc5 35. Re1 Re7 36. Re2 Bd6 37. Ba1 Be8 38. Qb2 Qd7 39. Qd4 Qc7 40. Nd3 Ng6 41. Rxe7 Qxe7 42. Qxb6 Bxg3 43. Qd4 Bd7 44. Bc3 Bc7 45. Bf3 Kf8 46. b4 Qd6 47. Qxd6+ Bxd6 48. bxa5 Nh4 49. Be5 Bxe5 50. Nxe5 Ke7 51. a6 1-0

[Event "Leiden SB-chA"]
[Site "Leiden"]
[Date "2015.06.30"]
[Round "7"]
[White "De Mooij, Marco"]
[Black "Erwich, Frans"]
[Result "1/2-1/2"]
[WhiteElo "1968"]
[BlackElo "1949"]
[PlyCount "61"]
[EventDate "2015.05.19"]
[EventType "swiss"]
[EventRounds "7"]
[EventCountry "NED"]
[SourceTitle "EXT 2018"]
[Source "ChessBase"]
[SourceDate "2017.10.13"]
[SourceVersion "1"]
[SourceVersionDate "2017.10.13"]
[SourceQuality "1"]

1. e4 c5 2. Nf3 e6 3. d4 cxd4 4. Nxd4 Nf6 5. Nc3 d6 6. Bg5 Be7 7. Bb5+ Bd7 8. Qd3 Nc6 9. 0-0-0 a6 10. Ba4 b5 11. Nxc6 Bxc6 12. Bb3 Qd7 13. Rhe1 0-0-0 14. a4 Qb7 15. axb5 axb5 16. f3 h6 17. Bh4 g5 18. Bf2 Nd7 19. Bd5 exd5 20. exd5 Ne5 21. Rxe5 dxe5 22. dxc6 Qxc6 23. Qf5+ Qe6 24. Qxe6+ fxe6 25. Nxb5 g4 26. Re1 Bg5+ 27. Be3 gxf3 28. gxf3 Rd5 29. c4 Rc5 30. Kd2 Rc6 31. Na7+ 1/2-1/2

[Event "Trieste op 14th"]
[Site "Trieste"]
[Date "2012.09.07"]
[Round "8"]
[White "Erwich, Frans"]
[Black "Beletic, Daniel"]
[Result "1-0"]
[WhiteElo "2005"]
[BlackElo "2230"]
[PlyCount "73"]
[EventDate "2012.09.01"]
[EventType "swiss"]
[EventRounds "9"]
[EventCountry "ITA"]
[SourceTitle "CBM 150 Extra"]
[Source "ChessBase"]
[SourceDate "2012.10.19"]
[SourceVersion "1"]
[SourceVersionDate "2012.10.19"]
[SourceQuality "1"]

1. e4 c5 2. Nf3 d6 3. d4 cxd4 4. Nxd4 Nf6 5. Nc3 g6 6. Be3 Bg7 7. f3 0-0 8. Qd2 Nc6 9. Bc4 Bd7 10. 0-0-0 Ne5 11. Bb3 Qa5 12. Kb1 Rfc8 13. h4 Nc4 14. Bxc4 Rxc4 15. h5 Nxh5 16. g4 Nf6 17. Nb3 Qc7 18. e5 Nxg4 19. exd6 exd6 20. Nd5 Qd8 21. fxg4 Bxg4 22. Rdf1 Rac8 23. Bg5 Rxc2 24. Bxd8 Rxd2 25. Nxd2 Rxd8 26. a3 Be6 27. Nf4 Bf5+ 28. Ka2 d5 29. Rc1 d4 30. Rc5 d3 31. Rxf5 gxf5 32. Rh3 Rd4 33. Nxd3 Bf6 34. Kb3 h5 35. Kc2 h4 36. Nf3 Kg7 37. Nxd4 1-0

[Event "Trieste op 14th"]
[Site "Trieste"]
[Date "2012.09.04"]
[Round "5"]
[White "Boscolo Meneguolo, Federico"]
[Black "Erwich, Frans"]
[Result "1-0"]
[WhiteElo "2330"]
[BlackElo "2005"]
[PlyCount "55"]
[EventDate "2012.09.01"]
[EventType "swiss"]
[EventRounds "9"]
[EventCountry "ITA"]
[SourceTitle "CBM 150 Extra"]
[Source "ChessBase"]
[SourceDate "2012.10.19"]
[SourceVersion "1"]
[SourceVersionDate "2012.10.19"]
[SourceQuality "1"]

1. e4 c5 2. Nf3 e6 3. b3 b6 4. Bd3 Nf6 5. e5 Nd5 6. Be4 Nc6 7. 0-0 Bb7 8. c4 Nde7 9. d4 d5 10. exd6 Qxd6 11. Nc3 Ng6 12. Ba3 Qd7 13. dxc5 f5 14. Qxd7+ Kxd7 15. Rad1+ Ke8 16. Bxc6+ Bxc6 17. Nd4 Bd7 18. c6 Bxa3 19. cxd7+ Kf7 20. Nc6 Be7 21. Nb5 a6 22. Nc7 Rag8 23. Nxa6 Bd8 24. c5 b5 25. Nxd8+ Rxd8 26. c6 Ne5 27. Nb4 Ke7 28. Rfe1 1-0

[Event "Trieste op 14th"]
[Site "Trieste"]
[Date "2012.09.03"]
[Round "4"]
[White "Erwich, Frans"]
[Black "Egartner, Wolfgang"]
[Result "1-0"]
[WhiteElo "2005"]
[BlackElo "2132"]
[PlyCount "69"]
[EventDate "2012.09.01"]
[EventType "swiss"]
[EventRounds "9"]
[EventCountry "ITA"]
[SourceTitle "CBM 150 Extra"]
[Source "ChessBase"]
[SourceDate "2012.10.19"]
[SourceVersion "1"]
[SourceVersionDate "2012.10.19"]
[SourceQuality "1"]

1. e4 c6 2. d4 d5 3. e5 c5 4. dxc5 Nc6 5. Bb5 e6 6. Be3 Nge7 7. c3 Bd7 8. Bxc6 Nxc6 9. f4 g5 10. fxg5 h6 11. Nf3 Qc7 12. 0-0 Nxe5 13. Nxe5 Qxe5 14. Bd4 Bxc5 15. Bxc5 hxg5 16. g3 Qe4 17. Nd2 Qh7 18. Rf2 f5 19. Bd4 Rg8 20. Nf3 f4 21. Ne5 fxg3 22. hxg3 0-0-0 23. Rf7 Qh3 24. Qg4 Qh6 25. Nxd7 Rxd7 26. Rf6 Rg6 27. Raf1 Rxf6 28. Rxf6 Qh7 29. Rf8+ Kc7 30. Be5+ Kb6 31. Qb4+ Ka6 32. Qa4+ Kb6 33. Bd4+ Kc7 34. Qa5+ b6 35. Qxa7+ 1-0

[Event "Leiden SB-ch"]
[Site "Leiden"]
[Date "2012.06.19"]
[Round "6"]
[White "Roorda, Thijs"]
[Black "Erwich, Frans"]
[Result "0-1"]
[WhiteElo "1982"]
[BlackElo "1985"]
[PlyCount "48"]
[EventDate "2012.05.15"]
[EventType "swiss"]
[EventRounds "7"]
[EventCountry "NED"]
[SourceTitle "EXT 2018"]
[Source "ChessBase"]
[SourceDate "2017.10.13"]
[SourceVersion "1"]
[SourceVersionDate "2017.10.13"]
[SourceQuality "1"]

1. Nf3 c5 2. e4 e6 3. c4 a6 4. Be2 d6 5. d4 cxd4 6. Nxd4 Nf6 7. Nc3 Be7 8. Be3 Qc7 9. Rc1 b6 10. f4 Bb7 11. Qa4+ Nbd7 12. Bf3 0-0 13. b4 Rfc8 14. 0-0 h5 15. h3 h4 16. Bf2 d5 17. cxd5 Qxf4 18. dxe6 Bd6 19. exf7+ Kxf7 20. Qb3+ Bd5 21. g3 hxg3 22. Nxd5 gxf2+ 23. Kxf2 Nxe4+ 24. Ke1 Qd2# 0-1

[Event "Leiden SB-ch"]
[Site "Leiden"]
[Date "2012.06.12"]
[Round "5"]
[White "Zwinkels, Wim"]
[Black "Erwich, Frans"]
[Result "0-1"]
[WhiteElo "1850"]
[BlackElo "1985"]
[PlyCount "120"]
[EventDate "2012.05.15"]
[EventType "swiss"]
[EventRounds "7"]
[EventCountry "NED"]
[SourceTitle "EXT 2018"]
[Source "ChessBase"]
[SourceDate "2017.10.13"]
[SourceVersion "1"]
[SourceVersionDate "2017.10.13"]
[SourceQuality "1"]

1. Nc3 c5 2. Nf3 e6 3. d4 cxd4 4. Nxd4 a6 5. g3 Nf6 6. Bg2 d5 7. 0-0 Be7 8. e4 dxe4 9. Nxe4 Nxe4 10. Bxe4 Nd7 11. c3 0-0 12. Qc2 Nf6 13. Bg2 Qc7 14. Re1 Rd8 15. Bf4 Bd6 16. Bxd6 Rxd6 17. Rad1 Bd7 18. h3 Rd8 19. Qb1 b5 20. a3 Be8 21. Kh2 a5 22. Bf1 Qb6 23. Qc1 b4 24. axb4 axb4 25. Qf4 bxc3 26. bxc3 Nd5 27. Qf3 Nxc3 28. Qxc3 Rxd4 29. Rxd4 Rxd4 30. Qe3 Qd8 31. Bg2 h6 32. Re2 Kh7 33. Qe5 Rd6 34. Rb2 f6 35. Qe4+ Bg6 36. Qb7 Rd7 37. Qc6 e5 38. Rb8 Qxb8 39. Qxd7 Qb2 40. Qa7 Qd4 41. Qxd4 exd4 42. Kg1 Kg8 43. Kf1 Kf7 44. Ke2 Ke6 45. Kd2 Kd6 46. Bf3 Ke5 47. Bg2 Be4 48. Bf1 Bf3 49. Bd3 g5 50. Bg6 Bg2 51. h4 Be4 52. Bh5 gxh4 53. gxh4 Kf4 54. Bd1 f5 55. Be2 Bf3 56. Bb5 Kg4 57. Kd3 Kxh4 58. Kxd4 Kg4 59. Bd7 Kf4 60. Be8 h5 0-1

[Event "Leiden SB-ch"]
[Site "Leiden"]
[Date "2011.05.17"]
[Round "1"]
[White "Kettenis, John"]
[Black "Erwich, Frans"]
[Result "0-1"]
[WhiteElo "1494"]
[BlackElo "1951"]
[PlyCount "86"]
[EventDate "2011.05.17"]
[EventType "swiss"]
[EventRounds "7"]
[EventCountry "NED"]
[SourceTitle "EXT 2012"]
[Source "ChessBase"]
[SourceDate "2011.11.24"]
[SourceVersion "1"]
[SourceVersionDate "2011.11.24"]
[SourceQuality "1"]

1. d4 Nf6 2. Nf3 c5 3. g3 b6 4. e3 Bb7 5. Bg2 e6 6. c4 cxd4 7. exd4 d5 8. b3 Bb4+ 9. Bd2 Be7 10. 0-0 0-0 11. Nc3 dxc4 12. bxc4 Qc8 13. Qb3 Nc6 14. Ne2 Ne4 15. Qc2 Nxd2 16. Nxd2 Nb4 17. Qb3 Bxg2 18. Kxg2 Rd8 19. a3 Nc6 20. Nf3 Na5 21. Qd3 Qxc4 22. Qxc4 Nxc4 23. Rfc1 Nxa3 24. Rc7 Bd6 25. Rc6 Nb5 26. Rac1 Rab8 27. Rb1 Nc7 28. Nc3 f5 29. Nb5 Nxb5 30. Rxb5 h6 31. d5 e5 32. Nh4 Bc5 33. Nxf5 a6 34. Rb1 Rxd5 35. Rcxb6 Rxb6 36. Rxb6 Rd2 37. Rb8+ Kh7 38. Nh4 Rxf2+ 39. Kh3 e4 40. Ra8 e3 41. Rxa6 e2 42. Re6 Bb4 43. Ng2 Rxg2 0-1

[Event "Leiden SB-ch"]
[Site "Leiden"]
[Date "2010.06.08"]
[Round "4"]
[White "Geertsma, Folkert Jan"]
[Black "Erwich, Frans"]
[Result "0-1"]
[WhiteElo "1964"]
[BlackElo "1981"]
[PlyCount "80"]
[EventDate "2010.05.18"]
[EventType "swiss"]
[EventRounds "7"]
[EventCountry "NED"]
[SourceTitle "EXT 2012"]
[Source "ChessBase"]
[SourceDate "2011.11.24"]
[SourceVersion "1"]
[SourceVersionDate "2011.11.24"]
[SourceQuality "1"]

1. c4 c5 2. Nc3 g6 3. g3 Bg7 4. Bg2 Nc6 5. d3 b6 6. Nf3 Bb7 7. 0-0 Nf6 8. Bd2 0-0 9. a3 d6 10. Rb1 Nd4 11. Nxd4 Bxg2 12. Kxg2 cxd4 13. Na2 d5 14. Nb4 dxc4 15. dxc4 Qd7 16. Rc1 Rac8 17. b3 Rfd8 18. Nd3 Ne4 19. f3 Nc3 20. Bxc3 dxc3 21. Qc2 b5 22. c5 a5 23. Rcd1 Bd4 24. b4 a4 25. Nc1 Qe6 26. Rd3 Rd7 27. Rfd1 Rcd8 28. e3 Be5 29. f4 Bf6 30. Rxd7 Rxd7 31. Rxd7 Qxd7 32. Qd3 Qc6+ 33. e4 e6 34. Kf3 Bg7 35. Qd6 Qxd6 36. cxd6 Kf8 37. e5 f6 38. Ke4 fxe5 39. fxe5 Bh6 40. Nd3 c2 0-1

[Event "Latschach op 24th"]
[Site "Latschach"]
[Date "2008.08.16"]
[Round "9"]
[White "Farkas, Lajos"]
[Black "Erwich, Frans"]
[Result "1-0"]
[WhiteElo "2169"]
[BlackElo "2068"]
[PlyCount "83"]
[EventDate "2008.08.09"]
[EventType "swiss"]
[EventRounds "9"]
[EventCountry "AUT"]
[SourceTitle "CBM 125 Extra"]
[Source "ChessBase"]
[SourceDate "2008.09.01"]
[SourceVersion "1"]
[SourceVersionDate "2008.09.01"]
[SourceQuality "1"]

1. d4 Nf6 2. Nf3 e6 3. g3 b6 4. Bg2 Bb7 5. 0-0 c5 6. e3 Be7 7. b3 cxd4 8. exd4 0-0 9. Bb2 Qc7 10. c4 d6 11. Nbd2 Nbd7 12. Qe2 Rfe8 13. Rac1 Rac8 14. Rfe1 Bf8 15. h3 Qb8 16. Qf1 g6 17. Ng5 Bxg2 18. Qxg2 d5 19. Ngf3 Bg7 20. Re2 dxc4 21. bxc4 b5 22. c5 Qb7 23. Ng5 Qxg2+ 24. Kxg2 Nb8 25. Nge4 Nxe4 26. Nxe4 Red8 27. Nd6 Rc6 28. Nxb5 Ra6 29. Bc3 Nc6 30. Rd1 Ra4 31. Red2 Rc4 32. Ba1 Rd5 33. f4 Rb4 34. Rb2 Rc4 35. Rbd2 Rb4 36. Nc7 Rd8 37. d5 exd5 38. Nxd5 Re4 39. Ne7+ Rxe7 40. Rxd8+ Nxd8 41. Rxd8+ Bf8 42. Be5 1-0

[Event "Leiden SB-ch"]
[Site "Leiden"]
[Date "2008.07.01"]
[Round "7"]
[White "Erwich, Frans"]
[Black "De Mooij, Marco"]
[Result "1-0"]
[WhiteElo "1961"]
[BlackElo "1809"]
[PlyCount "51"]
[EventDate "2008.05.20"]
[EventType "swiss"]
[EventRounds "7"]
[EventCountry "NED"]
[SourceTitle "EXT 2012"]
[Source "ChessBase"]
[SourceDate "2011.11.24"]
[SourceVersion "1"]
[SourceVersionDate "2011.11.24"]
[SourceQuality "1"]

1. e4 c5 2. Nf3 d6 3. Nc3 Nf6 4. d4 cxd4 5. Nxd4 a6 6. Be3 e5 7. Nf3 Nbd7 8. a4 Be7 9. Bc4 0-0 10. a5 b5 11. axb6 Nxb6 12. Bd3 Bb7 13. 0-0 Qc7 14. Qe2 d5 15. Bxb6 Qxb6 16. Nxd5 Nxd5 17. exd5 Bxd5 18. Qxe5 Bxf3 19. Qxe7 Bc6 20. Qh4 h6 21. b3 Rfe8 22. Rfe1 Bb5 23. Qb4 Qf6 24. Bxb5 axb5 25. Qxb5 Qc3 26. Rxe8+ 1-0

[Event "Leiden SB-ch"]
[Site "Leiden"]
[Date "2007.05.29"]
[Round "3"]
[White "Erwich, Frans"]
[Black "Van Vliet, Harry"]
[Result "0-1"]
[WhiteElo "1926"]
[BlackElo "2033"]
[PlyCount "58"]
[EventDate "2007.05.15"]
[EventType "swiss"]
[EventRounds "7"]
[EventCountry "NED"]
[SourceTitle "EXT 2012"]
[Source "ChessBase"]
[SourceDate "2011.11.24"]
[SourceVersion "1"]
[SourceVersionDate "2011.11.24"]
[SourceQuality "1"]

1. d4 d5 2. c4 c6 3. e3 Nf6 4. Nc3 e6 5. Nf3 Nbd7 6. Qc2 Bd6 7. b3 0-0 8. Be2 Re8 9. 0-0 dxc4 10. Bxc4 e5 11. h3 exd4 12. Nxd4 Ne5 13. Be2 Bb8 14. Nf5 Qc7 15. Rd1 Ng6 16. Ng3 Qa5 17. Nf1 Qg5 18. e4 Nf4 19. Ng3 h5 20. Bf3 h4 21. Bxf4 Qxf4 22. Nce2 Qe5 23. Nf1 Bc7 24. Re1 Ba5 25. Nd2 Qg5 26. Nc3 Bxh3 27. e5 Bf5 28. Be4 Nxe4 29. Nf3 Nxc3 0-1

[Event "Leiden SB-ch"]
[Site "Leiden"]
[Date "2007.05.22"]
[Round "2"]
[White "Oei, Hway Ik"]
[Black "Erwich, Frans"]
[Result "1-0"]
[WhiteElo "2162"]
[BlackElo "1926"]
[PlyCount "79"]
[EventDate "2007.05.15"]
[EventType "swiss"]
[EventRounds "7"]
[EventCountry "NED"]
[SourceTitle "EXT 2012"]
[Source "ChessBase"]
[SourceDate "2011.11.24"]
[SourceVersion "1"]
[SourceVersionDate "2011.11.24"]
[SourceQuality "1"]

1. d4 Nf6 2. c4 e6 3. Nc3 Bb4 4. e3 d5 5. Qb3 c5 6. dxc5 Nc6 7. cxd5 exd5 8. Bb5 Bxc5 9. Nge2 0-0 10. 0-0 a6 11. Bd3 b5 12. a3 d4 13. Ne4 Ba7 14. Qc2 Bb7 15. Nxf6+ Qxf6 16. Bxh7+ Kh8 17. Be4 Rac8 18. Qd1 Rfe8 19. Ng3 Qh4 20. Bd5 Re5 21. e4 Bb8 22. Qf3 f5 23. exf5 d3 24. Be6 Nd8 25. Qf4 Qxf4 26. Bxf4 Rxe6 27. Bxb8 Re2 28. Nxe2 dxe2 29. Rfe1 Rxb8 30. Rxe2 Nc6 31. Rae1 Kg8 32. Re8+ Kf7 33. Rxb8 Nxb8 34. f4 Nc6 35. Rc1 Kf6 36. g4 Nd4 37. Kf2 Nf3 38. Rc7 Be4 39. h3 Nd2 40. Ke3 1-0

[Event "Korinthos op 5th"]
[Site "Korinthos"]
[Date "2001.08.05"]
[Round "9"]
[White "Margaritis, Fotis"]
[Black "Erwich, Frans"]
[Result "0-1"]
[WhiteElo "2067"]
[BlackElo "2096"]
[PlyCount "68"]
[EventDate "2001.07.28"]
[EventType "swiss"]
[EventRounds "9"]
[EventCountry "GRE"]
[SourceTitle "EXT 2002"]
[Source "ChessBase"]
[SourceDate "2001.11.25"]
[SourceVersion "1"]
[SourceVersionDate "2001.11.25"]
[SourceQuality "1"]

1. e4 e5 2. d4 exd4 3. Qxd4 Nc6 4. Qe3 Nf6 5. Nc3 d6 6. Bd2 g6 7. 0-0-0 Bg7 8. h4 0-0 9. Be2 Re8 10. Qf4 Qe7 11. h5 Nxe4 12. hxg6 hxg6 13. Nxe4 Qxe4 14. Qh2 Nb4 15. Bd3 Nxa2+ 16. Kb1 Qd4 17. Qh7+ Kf8 18. Qxg7+ Qxg7 19. Nf3 Bg4 20. Rh4 Bxf3 21. gxf3 Ke7 22. Kxa2 Kd7 23. Bc3 Qg8 24. Bc4 Re7 25. Rhd4 Rd8 26. Rd5 Kc8 27. Bf6 Rde8 28. Ra5 Kb8 29. Rh1 Re1 30. Rh2 c6 31. Rh8 Qxh8 32. Bxh8 Rxh8 33. Bxf7 Rf8 34. Bxg6 Rxf3 0-1

[Event "Korinthos op 5th"]
[Site "Korinthos"]
[Date "2001.07.30"]
[Round "3"]
[White "Rychagov, Andrey"]
[Black "Erwich, Frans"]
[Result "1-0"]
[WhiteElo "2505"]
[BlackElo "2096"]
[PlyCount "104"]
[EventDate "2001.07.28"]
[EventType "swiss"]
[EventRounds "9"]
[EventCountry "GRE"]
[SourceTitle "EXT 2002"]
[Source "ChessBase"]
[SourceDate "2001.11.25"]
[SourceVersion "1"]
[SourceVersionDate "2001.11.25"]
[SourceQuality "1"]

1. d4 Nf6 2. c4 b6 3. Nc3 Bb7 4. Nf3 e6 5. a3 d5 6. cxd5 exd5 7. g3 Be7 8. Bg2 0-0 9. 0-0 Na6 10. Qc2 c5 11. Rd1 Nc7 12. Bg5 Ne6 13. Be3 Re8 14. Ng5 cxd4 15. Nxe6 fxe6 16. Bxd4 Bf8 17. Rac1 Qe7 18. Qb3 Rac8 19. Be5 Nd7 20. Bf4 Kh8 21. Qa2 Nf6 22. Qb1 Qf7 23. Bd2 Ng4 24. Rf1 Bc5 25. Be1 Rf8 26. b4 Bd4 27. Nb5 Be5 28. Nxa7 Ra8 29. Nc6 Bxc6 30. Rxc6 Rxa3 31. Qc2 Ra1 32. Bf3 Bd4 33. Qd2 Ne5 34. Qxd4 Rxe1 35. Qxe5 Qxf3 36. Qxg7+ Kxg7 37. exf3 Re2 38. Kg2 Rd8 39. Rxb6 d4 40. Rd1 Ra8 41. Rxd4 Raa2 42. Kh3 Rxf2 43. Rxe6 Rxf3 44. Kg4 Rf7 45. h4 Rb2 46. Red6 Rb3 47. Rd7 Rxd7 48. Rxd7+ Kg6 49. h5+ Kf6 50. Rd6+ Ke5 51. Rh6 Ke4 52. Rxh7 Rxb4 1-0

[Event "Ghent op 23rd"]
[Site "Ghent"]
[Date "2000.07.18"]
[Round "8"]
[White "Erwich, Frans"]
[Black "Dgebuadze, Alexandre"]
[Result "1/2-1/2"]
[WhiteElo "2299"]
[BlackElo "2540"]
[PlyCount "50"]
[EventDate "2000.07.15"]
[EventType "swiss"]
[EventRounds "9"]
[EventCountry "BEL"]
[SourceTitle "EXT 2001"]
[Source "ChessBase"]
[SourceDate "2000.11.22"]
[SourceVersion "1"]
[SourceVersionDate "2000.11.22"]
[SourceQuality "1"]

1. e4 e6 2. c4 d5 3. cxd5 exd5 4. exd5 Nf6 5. Bb5+ Nbd7 6. Nc3 Be7 7. Qf3 0-0 8. Bxd7 Bxd7 9. h3 b5 10. Nge2 b4 11. Nd1 Bb5 12. Nd4 Ba6 13. Nc6 Qd7 14. Ne3 Rfe8 15. b3 Bb7 16. 0-0 Nxd5 17. Qxd5 Bxc6 18. Qxd7 Bxd7 19. Bb2 a5 20. Rac1 Bd6 21. Nc4 a4 22. Rfe1 Rxe1+ 23. Rxe1 Be6 24. Nxd6 cxd6 25. bxa4 Rxa4 1/2-1/2

[Event "Haarlem AKN op 08th"]
[Site "Haarlem"]
[Date "1999.07.04"]
[Round "5"]
[White "Erwich, Frans"]
[Black "Bodicker, Rob"]
[Result "1/2-1/2"]
[WhiteElo "2079"]
[BlackElo "2183"]
[PlyCount "82"]
[EventDate "1999.07.02"]
[EventType "swiss"]
[EventRounds "6"]
[EventCountry "NED"]
[SourceTitle "EXT 2000"]
[Source "ChessBase"]
[SourceDate "1999.11.16"]
[SourceVersion "1"]
[SourceVersionDate "1999.11.16"]
[SourceQuality "1"]

1. d4 d5 2. c4 c6 3. Nf3 Nf6 4. Qc2 e6 5. cxd5 exd5 6. Nc3 Be7 7. Bg5 Nbd7 8. e3 0-0 9. Bd3 Re8 10. 0-0-0 Nf8 11. Ne5 a6 12. h4 Qa5 13. Kb1 N6d7 14. Bf4 Bf6 15. Nxd7 Bxd7 16. f3 b5 17. g4 b4 18. Ne2 Be7 19. Nc1 Qb6 20. Nb3 a5 21. Nc5 Bxc5 22. dxc5 Qb7 23. h5 a4 24. e4 Be6 25. Ka1 b3 26. Qc3 a3 27. Bc1 Red8 28. bxa3 d4 29. Qb4 Qxb4 30. axb4 Rxa2+ 31. Kb1 Rb8 32. b5 cxb5 33. Bb2 Ra4 34. c6 Bc4 35. Bxd4 Rc8 36. e5 Rxc6 37. Be4 Rc8 38. Kb2 Be6 39. Rhe1 Ra7 40. Re3 Nd7 41. Red3 Nf8 1/2-1/2

[Event "Haarlem AKN op 08th"]
[Site "Haarlem"]
[Date "1999.07.03"]
[Round "3"]
[White "Erwich, Frans"]
[Black "Bertholee, Rob"]
[Result "0-1"]
[WhiteElo "2079"]
[BlackElo "2343"]
[PlyCount "60"]
[EventDate "1999.07.02"]
[EventType "swiss"]
[EventRounds "6"]
[EventCountry "NED"]
[SourceTitle "EXT 2000"]
[Source "ChessBase"]
[SourceDate "1999.11.16"]
[SourceVersion "1"]
[SourceVersionDate "1999.11.16"]
[SourceQuality "1"]

1. d4 Nf6 2. c4 a6 3. Nc3 c5 4. e3 e6 5. Nf3 d5 6. cxd5 exd5 7. Be2 Nc6 8. 0-0 cxd4 9. Nxd4 Bd6 10. b3 0-0 11. Bb2 Re8 12. Rc1 Bc7 13. Bf3 Ne5 14. Bxd5 Qd6 15. g3 Nxd5 16. Nxd5 Qxd5 17. Rxc7 Bh3 18. f3 Bxf1 19. Qxf1 Rac8 20. e4 Qa5 21. Rxc8 Rxc8 22. Nf5 Rc2 23. b4 Qc7 24. Bxe5 Qxe5 25. Qd1 Qc7 26. Qd4 f6 27. Qd5+ Kh8 28. Nd6 h6 29. Nf7+ Kh7 30. Nd8 Rb2 0-1